| 000 | 00387nam a22001337a 4500 | ||
|---|---|---|---|
| 003 | SGT | ||
| 082 |
_a617.632 _bA17M |
||
| 100 | _aMANN, PRIYANKA | ||
| 245 | _aA COMPARATIVE STUDY BETWEEN 4% ARTICAINE AND 2% LIGNOCAINE FOR EXTRACTION OF MANDIBULAR POSTERIOR TEETH | ||
| 260 |
_aDELHI NCR _bSGT UNIVERSITY GURUGRAM _c2017 |
||
| 300 | _a1-72 | ||
| 650 | _aORAL SURGERY | ||
| 942 |
_2ddc _cTH |
||
| 999 |
_c16169 _d16169 |
||